UBT Library

The origins & evolution of the field of industrial relations in the United States / (Record no. 44816)

000 -LEADER
fixed length control field 00931pam a2200265 a 4500
001 - CONTROL NUMBER
control field 1087591
005 - DATE AND TIME OF LATEST TRANSACTION
control field 20180313044919.0
008 - FIXED-LENGTH DATA ELEMENTS--GENERAL INFORMATION
fixed length control field 920527s1993 nyu b 001 0 eng
010 ## - LIBRARY OF CONGRESS CONTROL NUMBER
LC control number 92019055
020 ## - INTERNATIONAL STANDARD BOOK NUMBER
International Standard Book Number 0875461913 (alk. paper)
020 ## - INTERNATIONAL STANDARD BOOK NUMBER
International Standard Book Number 0875461921 (pbk. : alk. paper)
040 ## - CATALOGING SOURCE
Original cataloging agency DLC
Transcribing agency DLC
Modifying agency DLC
041 ## - LANGUAGE CODE
Language code of text/sound track or separate title eng
043 ## - GEOGRAPHIC AREA CODE
Geographic area code n-us---
080 ## - UNIVERSAL DECIMAL CLASSIFICATION NUMBER
Universal Decimal Classification number 331.0973
082 00 - DEWEY DECIMAL CLASSIFICATION NUMBER
Classification number 331.0973 KAU
Edition number 20
100 1# - Rafti
Rafti 20
101 ## - Shkurtesa
Shkurtesa SHP
245 14 - TITLE STATEMENT
Title The origins & evolution of the field of industrial relations in the United States /
Statement of responsibility, etc Bruce E. Kaufman.
504 ## - BIBLIOGRAPHY, ETC. NOTE
Bibliography, etc Includes bibliographical references (p. 253-279) and index.
740 0# - ADDED ENTRY--UNCONTROLLED RELATED/ANALYTICAL TITLE
Uncontrolled related/analytical title Origins and evolution of the field of industrial relations in the United States.
906 ## - LOCAL DATA ELEMENT F, LDF (RLIN)
a 7
b cbc
c orignew
d 1
e ocip
f 19
g y-gencatlg
942 ## - ADDED ENTRY ELEMENTS (KOHA)
Source of classification or shelving scheme
Item type Books
Holdings
Withdrawn status Lost status Source of classification or shelving scheme Damaged status Not for loan Collection code Permanent location Current location Shelving location Date acquired Total Checkouts Full call number Barcode Date last seen Price effective from Koha item type
          Koleksioni i përgjithshem UBT - Lipjan UBT - Lipjan Koleksioni i përgjithshem 03/13/2018   331.0973 KAU 002-3002181 03/13/2018 03/13/2018 Books
UBT Library © 2015-2024. All rights reserved University Education for Business and Technology